|
|
|
|
| LEADER |
01990nam a2200493 i 4500 |
| 001 |
nkc20233579876 |
| 003 |
CZ PrNK |
| 005 |
20240219145830.0 |
| 007 |
ta |
| 008 |
231222s2024 xr e f 000 0 cze |
| 015 |
|
|
|a cnb003579876
|
| 020 |
|
|
|a 978-80-7626-043-6
|q (brožováno) :
|c Kč 199,00
|
| 035 |
|
|
|a (OCoLC)1425858939
|
| 040 |
|
|
|a OLA001
|b cze
|e rda
|
| 041 |
0 |
|
|a cze
|a eng
|
| 043 |
|
|
|a e-xr---
|
| 072 |
|
7 |
|a 364.3
|x Sociální pojištění. Zdravotní pojištění. Důchody
|2 Konspekt
|9 18
|
| 080 |
|
|
|a 364.3
|2 MRF
|
| 080 |
|
|
|a 364.32
|2 MRF
|
| 080 |
|
|
|a 331.2
|2 MRF
|
| 080 |
|
|
|a (035)
|2 MRF
|
| 245 |
0 |
0 |
|a Sociální a zdravotní pojištění v roce 2024 /
|c Marta Ženíšková. Dopady ozdravného balíčku do odměňování zaměstnanců v roce 2024 / Vladislava Dvořáková
|
| 264 |
|
1 |
|a Praha :
|b Svaz účetních České republiky,
|c 2024
|
| 300 |
|
|
|a 64 stran ;
|c 21 cm
|
| 336 |
|
|
|a text
|b txt
|2 rdacontent
|
| 337 |
|
|
|a bez média
|b n
|2 rdamedia
|
| 338 |
|
|
|a svazek
|b nc
|2 rdacarrier
|
| 490 |
1 |
|
|a Metodické aktuality Svazu účetních,
|x 1211-4138 ;
|v 1/2024
|
| 546 |
|
|
|a Částečně anglický text
|
| 650 |
0 |
7 |
|a sociální pojištění
|7 ph116209
|z Česko
|2 czenas
|
| 650 |
0 |
7 |
|a zdravotní pojištění
|7 ph116746
|z Česko
|2 czenas
|
| 650 |
0 |
7 |
|a odměňování
|7 ph123693
|z Česko
|2 czenas
|
| 650 |
0 |
9 |
|a social insurance
|z Czechia
|2 eczenas
|
| 650 |
0 |
9 |
|a health insurance
|z Czechia
|2 eczenas
|
| 650 |
0 |
9 |
|a compensation
|z Czechia
|2 eczenas
|
| 655 |
|
7 |
|a příručky
|7 fd133209
|2 czenas
|
| 655 |
|
9 |
|a handbooks and manuals
|2 eczenas
|
| 700 |
1 |
2 |
|a Ženíšková, Marta,
|d 1943-
|t Sociální a zdravotní pojištění 2024
|
| 700 |
1 |
2 |
|a Dvořáková, Vladislava.
|t Dopady ozdravného balíčku do odměňování zaměstnanců v roce 2024
|
| 830 |
|
0 |
|a Metodické aktuality Svazu účetních
|0 s
|
| 910 |
2 |
|
|a BOA001
|b 2-1520.415
|
| 990 |
|
|
|a BK
|
| 995 |
|
|
|a 01
|
| 996 |
6 |
|
|b 2610961634
|c 2-1520.415
|l MZK
|r Sklad / do 1 hodiny
|n 4
|p p.v.
|w 001954364
|u 000010
|a 1
|e BOA001
|j MZK50
|s P
|